|
|
|
|
| LEADER |
00931pam a22002658a 4500 |
| 001 |
00019707 |
| 005 |
20171026081022.0 |
| 008 |
110507s2008 ||||||Viesd |
| 041 |
0 |
# |
|a Vie
|
| 082 |
1 |
# |
|a 895.922 33
|b NG527H
|
| 100 |
0 |
# |
|a Nguyên Hồng
|
| 245 |
0 |
0 |
|a Nguyên Hồng toàn tập
|b 4 tập
|c Nguyên Hồng; Phan Cự Đệ
|n T.4
|p Tiểu thuyết, tạp văn
|
| 260 |
# |
# |
|a H.
|b Văn học
|c 2008
|
| 300 |
# |
# |
|a 1058 tr.
|c 21 cm.
|
| 500 |
# |
# |
|a Sách nhà nước đặt hàng
|
| 650 |
|
|
|a Nguyên Hồng
|
| 650 |
|
|
|a Văn học hiện đại
|
| 650 |
|
|
|a Việt Nam
|
| 653 |
# |
# |
|a Tiểu thuyết
|
| 653 |
# |
# |
|a Tạp văn
|
| 852 |
# |
# |
|b Kho mượn
|j KM.0005195, KM.0005196
|
| 852 |
# |
# |
|j KD.0004824
|j KM.0005195
|j KM.0005196
|
| 852 |
# |
# |
|b Kho đọc
|j KD.0004824
|
| 910 |
|
|
|d 07/05/2011
|
| 980 |
# |
# |
|a Trung tâm Học liệu Lê Vũ Hùng, Trường Đại học Đồng Tháp
|